|
|
|
|
| LEADER |
00563nam a2200145Ia 4500 |
| 008 |
161229s9999 xx 000 0 und d |
| 020 |
|
|
|a 0761993738
|
| 082 |
|
|
|a 658.4 VIE/MA
|
| 100 |
|
|
|a Vieira, Walter
|
| 245 |
|
|
|a Managing excecutive success: coping with the real corporate world
|
| 260 |
|
|
|b Response Books
|a New Delhi
|c 1999
|
| 300 |
|
|
|a 214
|
| 942 |
|
|
|c BK
|
| 999 |
|
|
|c 152778
|d 152778
|
| 952 |
|
|
|0 0
|1 0
|4 0
|6 658_400000000000000_VIEMA
|7 0
|9 151844
|a KAUCLV
|b KAUCLV
|d 2016-12-29
|g 345.00
|o 658.4 VIE/MA
|p 904087
|r 2016-12-29
|w 2016-12-29
|y BK
|z Book transferred from CCBM Library ,Acc.No:9199
|